Three hundred years of death : the Egyptian funerary industry in the Ptolemaic period /

"In Three Thousand Years of Death, The Egyptian Funerary Industry in the Ptolemaic Period, Maria Cannata provides a detailed survey of the organisation of the necropolises and the funerary workers, as well as their role in the practical aspects of the mummification, funeral, burial, and mortuar...

وصف كامل

محفوظ في:

المؤلف الرئيسي: Cannata, Maria (مؤلف)

التنسيق: كتاب الكتروني

اللغة: English

منشور في: Leiden Boston : BRILL, 2020.

سلاسل: Culture and History of the Ancient Near East; volume 110.
Biblical Studies, Ancient Near East and Early Christianity E-Books Online, Collection 2020, ISBN: 9789004407367.

الموضوعات:

الوصول للمادة أونلاين: Login to view Source

الوسوم: إضافة وسم

لا توجد وسوم, كن أول من يضع وسما على هذه التسجيلة!

رقم الطلب: BL2450.F8 C36 2020

LEADER 02666cam a22004698i 4500
001 BRILL9789004406803
003 nllekb
005 20210602101819.0
006 m d
007 cr un uuuua
008 200117s2020 mau b 001 0 eng
020 |a 9789004406803  |q (electronic book) 
020 |z 9789004406797  |q (print) 
024 7 |a 10.1163/9789004406803  |2 DOI 
035 |a (OCoLC)1137751427 
040 |a NL-LeKB  |c NL-LeKB  |e rda 
043 |a f-ua--- 
050 0 0 |a BL2450.F8  |b C36 2020 
072 7 |a HDDG  |2 bicssc 
072 7 |a SOC  |x 03000  |2 bisacsh 
072 7 |a HIS  |x 02030  |2 bisacsh 
082 0 0 |a 393/.30932  |2 23 
100 1 |a Cannata, Maria,  |e author. 
245 1 0 |a Three hundred years of death :  |b the Egyptian funerary industry in the Ptolemaic period /  |c Maria Cannata. 
264 1 |a Leiden Boston :  |b BRILL,  |c 2020. 
300 |a 1 online resource. 
336 |a text  |b txt  |2 rdacontent 
337 |a unmediated  |b n  |2 rdamedia 
338 |a volume  |b nc  |2 rdacarrier 
490 1 |a Culture and History of the Ancient Near East;  |v volume 110 
490 1 |a Biblical Studies, Ancient Near East and Early Christianity E-Books Online, Collection 2020, ISBN: 9789004407367 
504 |a Includes bibliographical references and index. 
520 |a "In Three Thousand Years of Death, The Egyptian Funerary Industry in the Ptolemaic Period, Maria Cannata provides a detailed survey of the organisation of the necropolises and the funerary workers, as well as their role in the practical aspects of the mummification, funeral, burial, and mortuary cult of the deceased, in Ptolemaic Egypt (332-30 BC). The author gathers together and synthesises hundreds of the original textual sources, as well as the relevant archaeological sources, on the organisation of the funerary industry and its practitioners, revealing important regional and chronological variations overlooked in studies focusing on a limited geographical area, a shorter timeframe, or a smaller group of documents". 
600 3 0 |a Ptolemaic dynasty,  |d 305-30 B.C. 
650 0 |a Funeral rites and ceremonies  |z Egypt. 
776 0 8 |i Print version:  |t Three hundred years of death: the Egyptian funerary industry in the Ptolemaic period,   |d Leiden Boston: BRILL, 2020  |w 9789004406797 
830 0 |a Culture and History of the Ancient Near East;  |v volume 110. 
830 0 |a Biblical Studies, Ancient Near East and Early Christianity E-Books Online, Collection 2020, ISBN: 9789004407367. 
856 4 |z DOI:   |u http://dx.doi.org/10.1163/9789004406803 
942 |c EBOOK 
952 |0 0  |1 0  |4 0  |7 1  |9 14690  |a BRILL  |b BRILL  |d 2021-06-02  |l 0  |r 2021-06-02 00:00:00  |w 2021-06-02  |y EBOOK 
999 |c 36139  |d 36139